000 00416nam a22001457a 4500
020 _qHB.
040 _cFIZZA ISHAQ
082 _a958.1047
_bNEU
100 _a Neumann , Ronald E.
_9134013
245 _aThe Other War: Winning and Losing in Afghanistan /
_c Ronald E. Neumann.
250 _aFirst ED.
260 _aNew York:
_bPOTOMAC BOOKS ,
_c2009.
300 _a243 P. ;
_c 6.25 x 1 x 9 inches
942 _2ddc
_cBK
999 _c616933
_d616933